| 000 | 01034cam a22002774a 4500 | ||
|---|---|---|---|
| 001 | 11957134 | ||
| 005 | 20160515113427.0 | ||
| 008 | 000329s2001 nyua |rb 001 0 eng | ||
| 010 | _a00037830 | ||
| 020 | _a0631210504 (alk. paper) | ||
| 040 |
_aDLC _cDLC _dDLC |
||
| 042 | _apcc | ||
| 050 | 0 | 0 |
_aJA76 _b.B58 2001 |
| 082 | 0 | 0 |
_a306.2 _222 _bNAS |
| 100 |
_aNash, Kate _913421 |
||
| 245 | 0 | 4 |
_aThe Blackwell Companion to Political Sociology / _cEdited by Kate Nash and Alan Scott. |
| 260 |
_aMalden, Mass. : _bBlackwell, 2001 _cc2001. |
||
| 300 |
_axiv, 478 p. ; _c26 cm. |
||
| 440 | 0 |
_aBlackwell companions to sociology _913422 |
|
| 504 | _aIncludes bibliographical references (p. [418]-461) and index. | ||
| 650 | 0 |
_aPolitical sociology. _913423 |
|
| 700 | 1 |
_aScott, Alan, _d1956- _913425 |
|
| 700 | 1 |
_913424 _aNash, Kate, _d1958- |
|
| 942 |
_2ddc _cBB |
||
| 999 |
_c13867 _d13867 |
||